000 00786nam a2200265 i 4500
001 6759
003 ES-MaACL
005 20230906145100.0
007 t|
008 900319s1985 sp ||||1| spa d
020 _a84-320-5829-7
080 _a323(46)"1973/1978"
080 _a9(46)"1973/1978"
100 1 _aMartín Villa, Rodolfo.
_977677
245 1 0 _aAl servicio del Estado /
_cRodolfo Martin Villa.
250 _a4a ed.
260 _aBarcelona :
_bPlaneta,
_c1985.
300 _a230 p. :
_bfot. bl. y n ;
_c24 cm.
490 1 _aEspejo de España ;
_v98
500 _aIndices.
651 4 _aEspaña-
_xPolítica y gobierno-
_y1975-1982.
_98447
830 0 _aEspejo de España ;
_v98
_9177692
852 _aES-MaACL
_jL-13953
_bR.117644
_z. - rust.
999 _c6759
_d6759